• AIU
  • Tony Wilmot Memorial Library

The Theology of the Cross. (Record no. 58860)

MARC details
000 -LEADER
fixed length control field 00734nam a22001337a 4500
008 - FIXED-LENGTH DATA ELEMENTS--GENERAL INFORMATION
fixed length control field 140401b xxu||||| |||| 00| 0 eng d
050 ## - LIBRARY OF CONGRESS CALL NUMBER
Classification number BT453
Item number .W58 1999
245 ## - TITLE STATEMENT
Title The Theology of the Cross.
Statement of responsibility, etc Wood,Chester.
Medium [Audio Cassette]
260 ## - PUBLICATION, DISTRIBUTION, ETC. (IMPRINT)
Place of publication, distribution, etc Indianapolis,Indiana;
Name of publisher, distributor, etc Faith Mission Churc.
Date of publication, distribution, etc c1999
300 ## - PHYSICAL DESCRIPTION
Extent v:
500 ## - GENERAL NOTE
General note contains various subtitles.<br/>1.The suffering servant of Isaiah,cup of the covenant<br/>2.The cross and & Satan,Paul and the cross<br/>3.Jesus and the leaders,Jesus and the Temple
600 ## - SUBJECT ADDED ENTRY--PERSONAL NAME
Source of heading or term The Theology of the Cross.
Personal name Wood,Chester.
Titles and other words associated with a name 1.The suffering servant of Isaiah,cup of the covenant
Dates associated with a name 1999
Title of a work 2.The cross and & Satan,Paul and the cross
General subdivision 3.Jesus and the leaders,Jesus and the Temple
9 (RLIN) 26135
942 ## - ADDED ENTRY ELEMENTS (KOHA)
Source of classification or shelving scheme Library of Congress Classification
Item type Audio Cassette(Tape)
Holdings
Withdrawn status Lost status Source of classification or shelving scheme Damaged status Not for loan Collection code Home library Current library Shelving location Date acquired Total Checkouts Full call number Barcode Date last seen Price effective from Koha item type
    Library of Congress Classification     General Circulation AIU/NEGST - Tony Wilmot Memorial Library AIU/NEGST - Tony Wilmot Memorial Library CD & DVD Cabinet 04/01/2014   BT 453.W58 1999 TAPE R286843232 04/01/2014 04/01/2014 Audio Cassette(Tape)